| 000 | 00925nam a22002891a 4500 | ||
|---|---|---|---|
| 001 | 5954 | ||
| 003 | BD-RjUL | ||
| 005 | 20211208234147.0 | ||
| 008 | 14 r19601958nyua b 001 0 eng | ||
| 035 | _a(BD-RjUL)5993 | ||
| 035 | _a(BD-RjUL) | ||
| 040 |
_aLC _beng _cLC _dAMG _dBD-RjUL |
||
| 041 | _aeng | ||
| 082 | 0 | 4 |
_a510.78 _216 _bALE 1960 |
| 100 | 1 |
_aAlt, Franz L. _918713 |
|
| 245 | 0 | 0 |
_aElectronic digital computers: _btheir use in science and engineering / |
| 260 |
_aNew York : _bAcademic Press, _c1958 [Printing 1960]. |
||
| 300 |
_a336 p. : _billus. ; _c24 cm. |
||
| 490 | 1 |
_aApplied mathematics and mechanics, ; _vv. 4 |
|
| 504 | _aIncludes bibliographical reference and index. | ||
| 650 | 0 |
_aElectronic digital computers. _918714 |
|
| 830 | 0 |
_vv. 4. _918719 |
|
| 830 | 0 |
_aApplied mathematics and mechanics (Academic Press) ; _918720 |
|
| 942 |
_2ddc _cBK |
||
| 999 |
_c5954 _d5954 |
||